| 000 | 00000nas 2200000zi 4500 |
| 001 | 9.504899 |
| 003 | CaOODSP |
| 005 | 20251210141759 |
| 006 | m o d f |
| 007 | cr cn |||||||| |
| 008 | 150406d19942005oncfr p o f0 a0eng|d |
| 022 | |a1495-1991|y1198-3558 |
| 040 | |aCaOODSP|beng|erda|cCaOODSP |
| 043 | |an-cn--- |
| 086 | 1 |aC12-16E-PDF |
| 130 | 0 |aMicro (Ottawa, Ont.). |lEnglish. |
| 210 | 0 |aMicro |b(Ott., Online) |
| 222 | 0|aMicro |b(Ottawa. Online) |
| 245 | 10|aMicro : |bthe micro-economic research bulletin. |
| 246 | 30|aMicro-economic research bulletin |
| 264 | 1|aOttawa, Ontario : |bIndustry Canada = Industrie Canada, |c[1994-2005] |
| 310 | |aSemiannual |
| 336 | |atext|btxt|2rdacontent |
| 337 | |acomputer|bc|2rdamedia |
| 338 | |aonline resource|bcr|2rdacarrier |
| 362 | 1 |aBegan with: Vol. 1, no. 1 (winter 1994); ceased with: Vol. 10, issue 1 (winter/spring 2005). |
| 500 | |aDigitized publication from print (issues for 1994-1997) [produced by Innovation, Science and Economic Development Canada]. |
| 500 | |aIssued also in French under title: Micro. |
| 500 | |aSubtitle varies. |
| 520 | 3 |aMicro is a newsletter highlighting micro-economic research findings in Canada. Each Micro issue will focus on a specific area of research and list publications by the Micro-Economic Policy Analysis Branch of Industry Canada. |
| 588 | |aDescription based on: Vol. 1, no. 1 (winter 1994); title from PDF caption. |
| 588 | |aLatest issue consulted: Vol. 10, issue 1 (winter/spring 2005). |
| 610 | 10|aCanada.|bIndustry Canada|vPeriodicals. |
| 650 | 0|aMicroeconomics|vPeriodicals. |
| 650 | 0|aInternational economic relations|vPeriodicals. |
| 650 | 0|aTechnology and state|zCanada|vPeriodicals. |
| 650 | 0|aScience and state|zCanada|vPeriodicals. |
| 655 | 7|aPeriodicals|2lcgft |
| 710 | 1 |aCanada. |bIndustry Canada. |bMicro-Economic Policy Analysis Branch, |eissuing body. |
| 775 | 08|tMicro : |w(CaOODSP)9.501298 |
| 776 | 0#|tMicro : |w(CaOODSP)9.508050 |